MARC details
| 000 -CABECERA |
| campo de control de longitud fija |
02945nam a2200301 i 4500 |
| 001 - NÚMERO DE CONTROL |
| campo de control |
000042762 |
| 003 - IDENTIFICADOR DEL NÚMERO DE CONTROL |
| campo de control |
DO-SdBNP |
| 005 - FECHA Y HORA DE LA ÚLTIMA TRANSACCIÓN |
| campo de control |
20241030102313.0 |
| 006 - CÓDIGOS DE INFORMACIÓN DE LONGITUD FIJA--CARACTERÍSTICAS DEL MATERIAL ADICIONAL |
| campo de control de longitud fija |
a||||gr|||| 00| 0 |
| 007 - CAMPO FIJO DE DESCRIPCIÓN FÍSICA--INFORMACIÓN GENERAL |
| campo de control de longitud fija |
ta |
| 008 - DATOS DE LONGITUD FIJA--INFORMACIÓN GENERAL |
| campo de control de longitud fija |
140207e1984 dr ad 000 spa d |
| 040 ## - FUENTE DE LA CATALOGACIÓN |
| Centro catalogador/agencia de origen |
DO-SdBNP |
| Lengua de catalogación |
spa |
| Centro/agencia transcriptor |
BNPHU |
| Normas de descripción |
rda |
| 082 #4 - NÚMERO DE LA CLASIFICACIÓN DECIMAL DEWEY |
| Número de edición |
22 |
| Número de documento/Ítem |
R426g |
| 110 1# - ENTRADA PRINCIPAL--NOMBRE DE ENTIDAD CORPORATIVA |
| Nombre de entidad corporativa o nombre de jurisdicción como elemento de entrada |
Republica Dominicana. |
| Unidad subordinada |
Oficina Nacional de Planificación. |
| Término indicativo de función/relación |
autor |
| 9 (RLIN) |
70392 |
| 245 10 - MENCIÓN DE TÍTULO |
| Título |
Guía serie perfiles '84 / |
| Mención de responsabilidad, etc. |
Presentación, José Antonio Najri, L. Orlando Haza. |
| 264 ## - PRODUCCIÓN, PUBLICACIÓN, DISTRIBUCIÓN, FABRICACIÓN Y COPYRIGHT |
| Producción, publicación, distribución, fabricación y copyright |
Santo Domingo : |
| Nombre del de productor, editor, distribuidor, fabricante |
Comité Interinstitucional para la Identificación y Promoción de Oportunidades de Inversión - CIPROIN |
| Fecha de producción, publicación, distribución, fabricación o copyright |
1984. |
| 300 ## - DESCRIPCIÓN FÍSICA |
| Extensión |
189 páginas : |
| Otras características físicas |
Ilustraciones, gráficas ; |
| Dimensiones |
27 cm. |
| 336 ## - TIPO DE CONTENIDO |
| Fuente |
rdacontent |
| Término de tipo de contenido |
texto |
| Código de tipo de contenido |
txt |
| 337 ## - TIPO DE MEDIO |
| Fuente |
rdamedia |
| Nombre/término del tipo de medio |
sin mediación |
| 338 ## - TIPO DE SOPORTE |
| Fuente |
rdacarrier |
| Nombre/término del tipo de soporte |
volumen |
| Código del tipo de soporte |
nc |
| 490 ## - MENCIÓN DE SERIE |
| Mención de serie |
Perfiles 84 ; |
| Designación de volumen o secuencia |
1 |
| 500 ## - NOTA GENERAL |
| Nota general |
Guía elaborada por la división de Orientación y Asistencia Técnica, Departamento de Proyectos. Oficina Nacional de Planificación (ONAPLAN). |
| 505 ## - NOTA DE CONTENIDO CON FORMATO |
| Nota de contenido con formato |
Integrantes Comisión.-- Presentación. |
| Título |
Información General sobre R. D.-- Producción de Vegetales.-- Producción de Puré de guineo aséptico.-- Producción de Pulpa concentrada de lechoza y lechoza en almíbar.-- Industrialización del aguacate.-- Producción de Fibras de coco.-- Producción de tostones de plátanos.-- Industrialización de la piña.-- Proyecto Modelo Integrado para la captura y mercadeo del pescado marino.-- Desarrollo Administración de la pesquería de tilapia en las lagunas redonda y limón.-- Granja de peces de agua dulce.-- |
| -- |
Instalación de una granja de camarones de agua dulce.-- Pepinillos encurtidos para la exportación.-- Aceite esencial de Naranja Amarga.-- Producción de Harina a partir del Plátano.-- Planta procesadora de Pulpa de frutas tropicales.-- Agroindustrialización del coco.-- Fabricación de sopas y cremas deshidratadas.-- Planta desmontadora de algodón.-- Planta Procesadora de leche.-- Elaboración de casabe enriquecido con proteína de origen vegetal.-- Planta procesadora de Bija con fines de obtener colorantes, pastas y demás derivados.-- |
| -- |
Planta para la elaboración de pescado ahumado.-- Aprovechamiento Integral de los Pseudo-Tallos de Musáceas.-- Instalación de una Agroindustria procesadora de frutas.-- Instalación de una Planta procesadora de Cacao en el Cibao Norcentral.-- Planta para el procesamiento de frutas.-- Relación de Proyectos e Ideas de Inversión en el Sector Público.-- SEA. Relación de Proyectos en proceso de elaboración para asociaciones de productores agropecuarios.-- |
| -- |
SEA. Relación de Ideas y Perfiles de proyectos.-- Relación de Perfiles e Ideas de Inversiones para la Región del Cibao. FIDE- Cámara de Comercio de Santiago.-- |
| 590 ## - NOTA LOCAL (RLIN) |
| Nota local |
Inventariado 2023 / MF |
| 700 #2 - PUNTO DE ACCESO ADICIONAL--NOMBRE DE PERSONA |
| Nombre de persona |
Najri, José Antonio, |
| Fechas asociadas al nombre |
1948- |
| 9 (RLIN) |
9414 |
| Término indicativo de función/relación |
presentación |
| 700 #2 - PUNTO DE ACCESO ADICIONAL--NOMBRE DE PERSONA |
| Nombre de persona |
Haza. L. Orlando, |
| Término indicativo de función/relación |
presentación |
| 9 (RLIN) |
84721 |
| 942 ## - ELEMENTOS DE PUNTO DE ACCESO ADICIONAL (KOHA) |
| Fuente del sistema de clasificación o colocación |
Dewey Decimal Classification |
| Tipo de ítem Koha |
Libro |